[Event "Khanty-Mansiysk FIDE GP (Women)"]
[Site "Khanty-Mansiysk"]
[Date "2014.04.10"]
[Round "2"]
[White "Muminova, Nafisa"]
[Black "Zhao, Xue"]
[Result "1-0"]
[WhiteElo "2321"]
[BlackElo "2552"]
[Annotator "ChessBase Website"]
[PlyCount "113"]
[EventDate "2014.04.09"]
[EventType "tourn"]
[EventRounds "11"]
[EventCountry "RUS"]
[EventCategory "10"]
[SourceTitle "CBM 160"]
[Source "ChessBase"]
[SourceDate "2014.05.15"]
[SourceVersion "1"]
[SourceVersionDate "2014.05.15"]
[SourceQuality "1"]
[TimeControl "40/5400+30:1800+30"]
[WhiteClock "1:30:00"]
[BlackClock "1:30:00"]

1. e4 {[%emt 0:00:00]} e5 {[%emt 0:00:00]} 2. Nf3 {[%emt 0:00:00]} Nc6 {
[%emt 0:00:00]} 3. Bb5 {[%emt 0:00:00]} a6 {[%emt 0:00:54]} 4. Ba4 {[%emt 0:00:
00]} Nf6 {[%emt 0:01:36]} 5. d3 {[%emt 0:00:25]} d6 {[%emt 0:03:04]} 6. c4 {
[%emt 0:01:15]} Be7 {[%emt 0:01:39]} 7. h3 {[%emt 0:00:34]} O-O {[%emt 0:00:48]
} 8. Be3 {[%emt 0:02:26]} Nb8 {[%emt 0:03:27]} 9. Nc3 {[%emt 0:00:36]} (9. O-O
c6 10. Nc3 b5 11. Bb3 bxc4 12. dxc4 c5 13. Ba4 Bb7 14. Qc2 Bc6 15. Rfd1 Nfd7
16. a3 Bxa4 17. Qxa4 Nb6 18. Qc2 Qc8 19. b4 N8d7 20. b5 a5 21. a4 Kh8 22. Qd3
Qb7 23. Nd2 g6 24. Bh6 Rfd8 25. Nf1 Nf6 26. Ra2 Ng8 27. Bc1 f5 28. Ne3 f4 29.
Ned5 Nf6 30. Nxb6 Qxb6 31. Nd5 Qb7 32. Nxf6 Bxf6 33. Rad2 Be7 34. Bb2 Kg8 35.
Bc3 Kf7 36. Rb2 h5 37. b6 Ra6 38. Rb5 Rb8 {Yu,Y (2677)-Timman,J (2607) Wijk
aan Zee 2014 1-0 (61)}) 9... c6 {[%emt 0:03:04]} 10. Bc2 {[%emt 0:04:39]} b5 {
[%emt 0:02:04]} 11. O-O {[%emt 0:05:11]} Nbd7 $146 {[%emt 0:03:25]} (11... Bb7
12. d4 Nbd7 13. Qe2 b4 14. Na4 c5 15. d5 g6 16. b3 Nh5 17. Kh2 a5 18. Nb2 Kh8
19. g4 Ng7 20. Rg1 Bc8 21. Bh6 Nf6 22. Nd1 Ng8 23. Bd2 f5 24. gxf5 gxf5 25.
exf5 Bxf5 26. Ne3 Bxc2 27. Nxc2 Qe8 28. Ng5 Qh5 29. Qxh5 Nxh5 30. Raf1 Bxg5 31.
Rxg5 Nhf6 32. Rg2 a4 33. f4 axb3 34. axb3 Ne4 35. Bc1 exf4 36. Bb2+ Nc3 37. Rf3
Rae8 38. Na3 Nf6 39. Nb5 Nfe4 40. Nxd6 {1-0 (40) Naiditsch,A (2708)-Timman,J 
(2566) Wijk aan Zee 2013}) 12. a3 {[%emt 0:02:24]} Bb7 {[%emt 0:07:06]} 13. Bc1
{[%emt 0:14:00]} Re8 {[%emt 0:09:43]} 14. b4 {[%emt 0:04:55]} d5 {[%emt 0:04:
37]} 15. c5 {[%emt 0:01:42]} Qc7 {[%emt 0:05:37]} 16. Bb2 {[%emt 0:07:51]} Rad8
{[%emt 0:01:41]} 17. Qb1 {[%emt 0:00:50]} Nf8 {[%emt 0:03:43]} 18. Ne2 {
[%emt 0:08:53]} Ng6 {[%emt 0:01:05]} 19. Ng3 {[%emt 0:00:26]} Bc8 {[%emt 0:06:
36]} 20. Bb3 {[%emt 0:04:14]} a5 {[%emt 0:06:15]} 21. Qc2 {[%emt 0:05:22]} Be6
{[%emt 0:07:46]} 22. Ng5 {[%emt 0:03:26]} a4 {[%emt 0:01:26]} 23. Ba2 {[%emt 0:
07:38]} Nd7 {[%emt 0:00:40]} 24. Nxe6 {[%emt 0:04:13]} fxe6 {[%emt 0:00:05]}
25. Rae1 {[%emt 0:01:06] White's Spanish gave her a permanent and solid
advantage that she carried throughout the game. In a beautiful example of
conversion of advantages Muminova first obtained a space edge, then the pair
of bishops, then the better pawn structure, and finally she won a pawn and
converted the queen endgame. A clear message that Muminova can play good chess
and is dangerous to anyone.} Kh8 {[%emt 0:02:43]} 26. exd5 {[%emt 0:02:42]}
exd5 {[%emt 0:05:38]} 27. Nf5 {[%emt 0:00:27]} Bf8 {[%emt 0:00:28]} 28. Bb1 {
[%emt 0:05:03]} Nf6 {[%emt 0:01:13]} 29. Qd2 {[%emt 0:02:40]} Qd7 {[%emt 0:02:
41]} 30. Qg5 {[%emt 0:00:27]} Qf7 {[%emt 0:02:37]} 31. Nh4 {[%emt 0:00:52]}
Nxh4 {[%emt 0:03:10]} 32. Qxh4 {[%emt 0:00:02]} d4 {[%emt 0:01:59]} 33. f4 {
[%emt 0:01:54]} exf4 {[%emt 0:00:49]} 34. Qxf4 {[%emt 0:02:31]} Rxe1 {[%emt 0:
02:43]} 35. Rxe1 {[%emt 0:00:05]} Qd5 {[%emt 0:00:13]} 36. Qf2 {[%emt 0:00:23]}
h6 {[%emt 0:02:08]} 37. Bc1 {[%emt 0:00:24]} Ng8 {[%emt 0:04:03]} 38. Ba2 {
[%emt 0:00:10]} Qd7 {[%emt 0:00:08]} 39. Be6 {[%emt 0:00:49]} Qb7 {[%emt 0:00:
07]} 40. Bb2 {[%emt 0:00:00]} Be7 {[%emt 0:00:00]} 41. Bxd4 {[%emt 0:06:53]}
Bf6 {[%emt 0:02:21]} 42. Re4 {[%emt 0:00:26]} Qe7 {[%emt 0:07:52]} 43. Bxf6 {
[%emt 0:02:44]} Nxf6 {[%emt 0:00:06]} 44. Re3 {[%emt 0:00:10]} Re8 {[%emt 0:02:
09]} 45. d4 {[%emt 0:02:38]} Qd8 {[%emt 0:03:42]} 46. Re5 {[%emt 0:00:26]} Rf8
{[%emt 0:01:40]} 47. Qe3 {[%emt 0:03:19]} Qc7 {[%emt 0:00:04]} 48. d5 {[%emt 0:
03:49]} cxd5 {[%emt 0:00:22]} 49. Bxd5 {[%emt 0:00:07]} Nxd5 {[%emt 0:02:58]}
50. Rxd5 {[%emt 0:00:05]} Qf7 {[%emt 0:00:24]} 51. Qd4 {[%emt 0:04:38]} Qg6 {
[%emt 0:05:05]} 52. Rd8 {[%emt 0:04:21]} Rxd8 {[%emt 0:00:09]} 53. Qxd8+ {
[%emt 0:00:06]} Kh7 {[%emt 0:00:02]} 54. Qd6 {[%emt 0:00:34]} Qc2 {[%emt 0:01:
27]} 55. c6 {[%emt 0:00:16]} Qc1+ {[%emt 0:00:13]} 56. Kh2 {[%emt 0:00:15]}
Qxa3 {[%emt 0:00:17]} 57. Qc5 {[%emt 0:01:09]} 1-0

[Event "FRA-chT Top 12"]
[Site "Drancy"]
[Date "2016.05.30"]
[Round "3.5"]
[White "Fressinet, Laurent"]
[Black "Bachmann, Axel"]
[Result "0-1"]
[WhiteElo "2692"]
[BlackElo "2632"]
[Annotator "ChessBase Website"]
[PlyCount "84"]
[EventDate "2016.05.28"]
[EventType "team-tourn"]
[EventRounds "11"]
[EventCountry "FRA"]
[SourceTitle "CBM 172 Extra"]
[Source "ChessBase"]
[SourceDate "2016.06.21"]
[SourceVersion "1"]
[SourceVersionDate "2016.06.21"]
[SourceQuality "1"]
[WhiteTeam "Clichy Echecs"]
[BlackTeam "Bois Colombes"]
[WhiteTeamCountry "FRA"]
[BlackTeamCountry "FRA"]
[TimeControl "40/5400+30:1800+30"]

1. e4 {[%emt 0:00:30]} Nc6 {[%emt 0:00:30]} 2. Nf3 {[%emt 0:00:00]} e5 {
[%emt 0:00:30]} 3. Bb5 {[%emt 0:00:00]} a6 {[%emt 0:00:00]} 4. Ba4 {[%emt 0:00:
00]} Nf6 {[%emt 0:00:00]} 5. O-O {[%emt 0:00:00]} Be7 {[%emt 0:00:30]} 6. d3 {
[%emt 0:00:30]} d6 {[%emt 0:01:30]} 7. c3 {[%emt 0:00:30]} O-O {[%emt 0:00:00]}
8. Nbd2 {[%emt 0:00:30]} b5 {[%emt 0:03:00]} 9. Bc2 {[%emt 0:02:30]} d5 {
[%emt 0:01:30]} 10. Re1 {[%emt 0:01:30]} d4 {[%emt 0:00:30]} 11. Nf1 {[%emt 0:
05:30]} (11. h3 Nd7 12. Bb3 Bb7 13. Bd5 dxc3 14. bxc3 Bd6 15. Nb3 Nb6 16. c4
Na4 17. Bd2 Qe7 18. Qc2 bxc4 19. dxc4 Bb4 20. Bxc6 Bxc6 21. Bxb4 Qxb4 22. Nxe5
Qd6 23. Nxc6 Qxc6 24. Nd4 Qc5 25. Nb3 Qe5 26. Rad1 Rfe8 27. Re3 Rab8 28. Rd5
Qb2 29. Qxb2 Nxb2 30. c5 Nc4 31. Re2 a5 32. Rd4 a4 33. Rxc4 axb3 34. axb3 Rxb3
35. Rd2 Kf8 36. f3 Rb5 {1-0 (36) Karjakin,S (2762)-Mamedyarov,S (2736) Baku
2015}) 11... Nd7 {[%emt 0:08:30]} 12. a4 {[%emt 0:07:30]} Rb8 {[%emt 0:07:30]}
13. axb5 {[%emt 0:04:30]} axb5 {[%emt 0:00:30]} 14. Bb3 {[%emt 0:03:30]} Bf6
$146 {[%emt 0:17:30]} (14... Nb6 15. cxd4 exd4 16. Ng3 Bg4 17. h3 Bxf3 18. Qxf3
Ne5 19. Qe2 c5 20. Bf4 Bf6 21. Nh5 c4 22. Nxf6+ Qxf6 23. Bxe5 Qxe5 24. dxc4
bxc4 25. Bxc4 Nxc4 26. Qxc4 Rxb2 27. Red1 Qxe4 28. Qxd4 Qxd4 29. Rxd4 g6 30.
Rad1 Kg7 31. R4d2 {1/2-1/2 (31) Sevian,S (2589)-Postny,E (2673) Stockholm 2016}
) 15. cxd4 {[%emt 0:03:30]} exd4 {[%emt 0:01:30]} 16. Bf4 {[%emt 0:07:30]} Nc5
{[%emt 0:13:30]} 17. Rc1 {[%emt 0:03:30]} Be7 {[%emt 0:01:30]} 18. Bd5 {
[%emt 0:08:30]} Nb4 {[%emt 0:00:30]} 19. Nxd4 {[%emt 0:00:30]} Rb6 $1 {[%emt 0:
00:30] In spite of the many minor pieces still on the board, Black has seen
ahead and prepares a rook lift to the kingside.} 20. Qd2 {[%emt 0:13:30]} Nbxd3
{[%emt 0:07:30]} 21. b4 {[%emt 0:13:30]} Nxf4 {[%emt 0:03:30]} 22. bxc5 {
[%emt 0:00:30]} Bg5 $1 {[%emt 0:00:30] Once more the Paraguayan grandmaster
shows his tactical acumem as he plays this timely zwischenzug threatening to
win the queen.} 23. Qc2 {[%emt 0:03:30]} ({Playing} 23. cxb6 {would not be
losing in any way, at least not objectively, but the chaotic imbalance might
not be to Fressinet's taste as he really wants to dampen Black's ambitions.}
Nh3+ 24. gxh3 Bxd2 25. Nxd2 Qg5+ 26. Kh1 Qxd2 27. Rcd1 Qxf2 28. Rf1 Qb2 29. b7
Bxh3 30. Rg1 c5 {and good luck trying to evaluate this.}) 23... Rg6 {[%emt 0:
00:30]} 24. Rcd1 {[%emt 0:00:30]} Nxd5 {[%emt 0:15:08]} 25. exd5 {[%emt 0:00:
30]} Qxd5 {[%emt 0:01:13]} 26. Nxb5 {[%emt 0:05:23]} Qb7 {[%emt 0:02:00]} 27.
Nd4 {[%emt 0:01:47]} Bf6 {[%emt 0:01:14]} 28. Ng3 {[%emt 0:05:08]} h5 {[%emt 0:
00:50]} 29. Qe4 {[%emt 0:03:36]} h4 {[%emt 0:01:46]} 30. c6 {[%emt 0:03:10]}
Qb4 {[%emt 0:00:10]} 31. Ngf5 {[%emt 0:00:59]} Rg5 $1 {[%emt 0:00:43] Black
has been outplaying White ever so slightly and now has an edge thanks to his
bishop pair and pressure against the king.} 32. Ne7+ $2 {[%emt 0:01:38] The
common wisdom is to simplify when trying to ease pressure, and avoid exchanges
when on the offensive. Naturally this needs to be examined on a case-by-case
basis, and here this only makes things worse.} Bxe7 {[%emt 0:01:30]} 33. Qxe7 {
[%emt 0:00:03]} Qxe7 {[%emt 0:00:11]} 34. Rxe7 {[%emt 0:00:04]} Bh3 {[%emt 0:
02:08]} 35. Rd3 {[%emt 0:02:15] [#]} Ra8 $1 {[%emt 0:05:45] Another strong
zwischenzug. The back rank threats take precedence needless to say.} 36. Rde3
$2 {[%emt 0:00:46] White finally cracks under the pressure.} (36. Kf1 {was the
ugly, but necessary choice.} Bxg2+ 37. Ke2 Rc8 {and the game is not over yet.})
36... Rxg2+ {[%emt 0:00:35]} 37. Kh1 {[%emt 0:00:36]} Ra1+ {[%emt 0:00:07]} 38.
Re1 {[%emt 0:00:03]} Rxe1+ {[%emt 0:00:10]} 39. Rxe1 {[%emt 0:00:03]} Rg4 {
[%emt 0:00:05]} 40. Re8+ {[%emt 0:01:18]} Kh7 {[%emt 0:00:06]} 41. Rd8 {
[%emt 0:30:17]} Bg2+ {[%emt 0:30:26]} 42. Kg1 {[%emt 0:00:22]} Bd5+ $1 {
cutting off the white rook from his knight, with ...Rxd4 to follow} 0-1

[Event "San Francisco TNM Jay Whitehead op"]
[Site "San Francisco"]
[Date "2014.08.14"]
[Round "2"]
[White "Whitehead, Paul A"]
[Black "Ganbold, Odondoo"]
[Result "0-1"]
[WhiteElo "2374"]
[BlackElo "2340"]
[Annotator "Donaldson,J"]
[PlyCount "58"]
[EventDate "2014.08.05"]
[EventType "swiss"]
[EventRounds "9"]
[EventCountry "USA"]
[SourceTitle "EXT 2016"]
[Source "ChessBase"]
[SourceDate "2015.10.08"]
[SourceVersion "1"]
[SourceVersionDate "2015.10.08"]
[SourceQuality "1"]

1. e4 e5 2. Nf3 Nc6 3. Bb5 a6 4. Ba4 Nf6 5. Bxc6 dxc6 6. d3 Nd7 7. Nbd2 c5 8.
Nc4 f6 9. O-O Bd6 10. Nh4 O-O 11. f4 exf4 12. Nf5 Ne5 13. Ncxd6 cxd6 14. Bxf4
Be6 15. Ne3 b5 16. d4 Nc4 17. Nxc4 Bxc4 18. Rf3 (18. Re1) 18... Re8 19. Re3 Bf7
20. dxc5 dxc5 21. Qg4 (21. e5 Qd4 $1) 21... h5 22. Qf5 $6 (22. Qg3 $11) 22...
g6 23. Qxc5 Rc8 24. Qa7 Rxc2 25. Kh1 g5 26. Bxg5 fxg5 27. Rf1 {Diagram #} Rf2
$1 28. Rfe1 Qf6 29. Kg1 Bc4 0-1

[Event "London Classic 11th"]
[Site "London"]
[Date "2019.12.06"]
[Round "2.1"]
[White "Vachier Lagrave, Maxime"]
[Black "Ding, Liren"]
[Result "1/2-1/2"]
[WhiteElo "2780"]
[BlackElo "2801"]
[Annotator "Edouard,R"]
[PlyCount "180"]
[EventDate "2019.12.02"]
[EventType "k.o."]
[EventRounds "2"]
[EventCountry "ENG"]
[SourceTitle "CBM 194"]
[Source "ChessBase"]
[SourceDate "2020.01.27"]
[SourceVersion "1"]
[SourceVersionDate "2020.01.27"]
[SourceQuality "1"]

1. e4 e5 2. Nf3 Nc6 3. Bb5 a6 4. Ba4 Nf6 5. O-O Be7 6. d3 b5 7. Bb3 d6 8. a3
O-O 9. Nc3 Na5 10. Ba2 Be6 11. b4 Bxa2 12. Rxa2 Nc6 13. Bg5 Qd7 $5 {An
interesting alternative to the usual 13...Ng4 or 13...Nd7.} 14. Bxf6 Bxf6 15.
Nd5 a5 $1 ({After} 15... Bd8 {Black seems to have more problems to equalize:}
16. a4 $5 (16. c4 Nd4 17. Ne3 (17. Nxd4 exd4 18. Rc2 c6 19. Nf4 Bg5 20. Ne2 Bf6
{is quite solid for Black.}) 17... Nxf3+ (17... a5 $5 {should equalize.}) 18.
Qxf3 Bg5 19. Nd5 Rfb8 20. Qg3 Qd8 21. cxb5 axb5 22. Rc2 Rc8 23. Rc6 $1 Rxa3 24.
Qg4 $1 Rxd3 25. g3 Ra8 26. h4 Rxd5 27. exd5 $16 {½-½ (71) Motylev,A (2668)
-Tomashevsky,E (2706) Izhevsk 2019}) (16. Qa1 $5 $146 Ne7 17. Nxe7+ Bxe7 18. a4
Rac8 19. axb5 axb5 20. c4 {may also give White a symbolical advantage.}) 16...
Ne7 17. Ne3 Rb8 18. axb5 (18. c3 $5 c6 19. axb5 axb5 20. d4 {would be a small
plus for White, I believe.}) 18... axb5 19. c3 Qe6 20. Qb1 d5 21. exd5 Nxd5 22.
Nxd5 Qxd5 23. Re1 Bf6 24. Rae2 c5 25. Nxe5 cxb4 26. Qxb4 Bxe5 27. Rxe5 Qxd3 $11
{½-½ (34) Anand,V (2785)-Aronian,L (2804) Spain 2014}) 16. c4 {Several other
moves have been tried, none of them very convincing.} (16. Nxf6+ gxf6 17. Rb2
axb4 18. axb4 f5 19. Nh4 f4 20. Nf5 Kh8 21. d4 {This has been the critical
position for some time.} f6 (21... Rg8 22. Rb3 Rg5 23. dxe5 Nxe5 {1-0 (40)
Bacrot,E (2722)-Gretarsson,H (2565) Internet 2018} 24. Qd5 $5 $146 Rag8 25. g3
$14) 22. Qd3 (22. f3 Ne7 $11 {½-½ (34) Bakhmatsky,V (2446)-Kravtsiv,M (2645)
Rivne 2016}) 22... Ne7 (22... Nxd4 $5) (22... d5 $5) 23. Nxe7 Qxe7 24. Qxb5
exd4 25. Qd3 Qe5 26. b5 Rfe8 27. b6 cxb6 28. Rxb6 Rac8 29. Rb4 Rc3 30. Qxd4
Rxc2 31. Qd1 Rc3 32. f3 Qc5+ 33. Qd4 Rc2 (33... Rc8 $11) 34. Kh1 Qg5 35. Rg1
Rg8 36. Rb2 $14 {1/2-1/2 (100) Dominguez,L (2751)-Tomashevsky,E (2701) AZE 2014
}) (16. Ra1 $5 Bd8 (16... axb4 17. axb4 Rxa1 18. Qxa1 Ne7 {should be close to
equal as well}) 17. c3 Ne7 18. Nxe7+ Bxe7 19. Qb3 Rfb8 $11 {0-1 (41) Daulyte,D
(2391)-Kravtsiv,M (2636) Cappelle la Grande 2016}) (16. Nxf6+ gxf6 17. Nh4 $6
axb4 18. Nf5 Kh8 {just doesn't work for White.}) 16... Ne7 17. Qb3 $6 {
Definitely Maxime was unprepared in that line, and starts playing dubious
moves.} ({He surely knew that Magnus Carlsen had a brilliant victory against
Ding after} 17. Rc2 {- but there was no doubt that the Chinese player had
found an improvement on that game.} Nxd5 ({And that improvement may already
have been shown:} 17... axb4 $5 18. axb4 bxc4 19. Nxf6+ gxf6 20. dxc4 Ng6 21.
c5 Rab8 22. cxd6 cxd6 23. Rc4 Rb5 24. Ne1 d5 25. Nc2 Rd8 $11 {½-½ (26)
Hovhannisyan,R (2601)-Kravtsiv,M (2685) Batumi 2018.}) 18. cxd5 axb4 19. axb4
Ra4 20. Qd2 Rfa8 21. Rfc1 Bd8 22. h3 Ra1 23. Rxa1 Rxa1+ 24. Rc1 Ra4 25. d4 exd4
26. Nxd4 Bf6 27. Nc6 Qc8 $2 28. e5 $1 dxe5 29. d6 Ra8 30. Ne7+ Bxe7 31. dxe7 {
1-0 Carlsen,M (2837)-Ding Liren (2774) Saint Louis 2017}) 17... bxc4 (17...
Rfb8 $5) 18. Nxe7+ (18. dxc4 Nxd5 19. cxd5 axb4 20. axb4 Rxa2 21. Qxa2 Qb5 $11)
18... Bxe7 19. dxc4 axb4 20. axb4 Qc6 $1 21. Re1 Rxa2 22. Qxa2 Ra8 {Ding is
definitely taking the upper hand here.} 23. Qb3 g6 24. b5 (24. c5 Rb8 $15)
24... Qc5 25. Qc2 c6 $1 26. bxc6 Bd8 $1 {Again, what an instructive plan and
manoeuvre by the Chinese.} 27. Nd2 (27. g3 Bb6 28. Kg2 Qxc6 $15) 27... Bb6 28.
Nb3 Qxc6 29. Ra1 Rc8 30. Rc1 h5 31. h4 $6 {This proved to be a very weakening
move in the game.} (31. Kf1 h4 32. h3 $15) 31... Ra8 32. Ra1 Rxa1+ 33. Nxa1 Qd7
34. g3 g5 $1 {Brilliant from Ding, again!} 35. Qd2 $2 (35. hxg5 $1 {would have
hold the game with extremely precise play:} Qg4 (35... Qh3 36. Qb3 Bc5 37. Qf3
h4 38. Nb3 Ba7 39. c5 $1 hxg3 40. Qxg3 Qxg3+ 41. fxg3 dxc5 42. Kf1 $11) 36. Qd3
h4 37. Kg2 $1 h3+ 38. Kh2 $1 Bxf2 39. Nb3 $11) 35... gxh4 36. c5 (36. Qg5+ Kf8
37. Qxh5 Qa4 $1 {Perhaps what Maxime had missed when he played 35.Qd2?} 38.
Qh8+ Ke7 39. Qxh4+ Ke8 40. Qh8+ Kd7 41. Qh3+ Kc7 42. Qf1 $6 (42. Qh5 {would
keep some drawing chances for White, as he will win the f7-pawn.}) 42... Bd4
$19) 36... Bxc5 37. Qg5+ Kf8 38. Qxh4 Ke8 (38... Qa4 $2 39. Qd8+ $11) 39. Nb3
Qa4 $6 (39... Qb7 $1 $17) 40. Nxc5 $2 ({Missing} 40. Qh3 $1 {with the idea}
Qxb3 $2 41. Qc8+ {and the black king can't escape from checks!}) 40... dxc5 41.
Qxh5 Qxe4 42. Qh8+ Ke7 43. Qc8 Qd4 {The queen endgame is absolutely lost, but
Maxime never surrendered and found amazing ressources.} 44. g4 $1 c4 45. g5 c3
46. Kg2 Kd6 (46... Qe4+ $5 47. f3 Qe2+ 48. Kg3 c2 {seems to be a forced win:}
49. Qc5+ Kd7 50. Qd5+ Ke8 51. Qc6+ Kf8 52. Qh6+ Kg8 53. g6 $8 fxg6 54. Qxg6+
Kf8 55. Qf6+ Ke8 56. Qe6+ Kd8 57. Qd6+ Kc8 58. Qc6+ Kb8 59. Qb6+ Ka8 60. Qc6+
Ka7 {and the black king escapes.}) 47. f3 Qd2+ 48. Kh3 Kd5 49. Qf5 Kc6 50. Qc8+
Kd6 51. Qf8+ Kc6 52. Qc8+ Kb5 53. Qb7+ Kc5 54. Qa7+ Kd6 (54... Kb4 55. Qe7+ $1
{preventing ...Ka3. After} Kb3 56. Qxf7+ Kb2 57. g6 c2 58. Qb7+ $1 {White is
able to draw the game.} ({And not} 58. g7 $4 Qh6+ 59. Kg4 c1=Q $19)) 55. Qb8+
Kd5 56. Qb7+ {Black has a critical choice here, as he must give either his e5
or f7 pawn with check. Both continuations are actually winning, but both
require high precision!} Kd4 (56... Kc4 $5 57. Qxf7+ Kd4 58. g6 $6 c2 59. g7
c1=Q 60. Qd7+ Ke3 61. Qxd2+ Kxd2 62. g8=Q Qh1+ $19) 57. Qe4+ Kc5 58. Qxe5+ Kc4
59. Qe4+ Kb3 60. Qb1+ Ka3 61. Qa1+ Kb4 62. Qb1+ Kc5 63. Qf5+ Qd5 64. Qc8+ Kd4
65. Qg4+ Kd3 (65... Ke3 $5) 66. g6 c2 $4 (66... fxg6 {was necessary, with a
probable winning position.}) 67. gxf7 c1=Q 68. f8=Q {And unbelievably enough,
there's no mate!} Qh1+ 69. Kg3 Qe5+ 70. Qgf4 Qg1+ 71. Kh4 Qh1+ 72. Kg3 Qee1+
73. Kg4 Qhh4+ 74. Kf5 Qh5+ 75. Kf6 Qa1+ 76. Ke6 Qa2+ 77. Kf6 Qb2+ 78. Ke6 Qb3+
79. Kf6 Qb2+ 80. Ke6 Qb3+ 81. Kf6 Qc3+ 82. Ke6 Qg6+ {Ding continues trying,
but there's only hope for a huge blunder by Black.} 83. Q4f6 $1 (83. Q8f6 $4
Qe8+ 84. Kf5 Qh5+ 85. Q4g5 Qc8+ 86. Ke5 Qh2+ 87. Qgf4 Qb2+ {and mate to follow.
}) 83... Qc6+ 84. Ke7 Qc5+ 85. Ke6 Qc6+ 86. Ke7 Qc7+ 87. Ke6 Qb6+ 88. Ke7 Qc5+
89. Ke6 Qcf5+ 90. Ke7 Qc5+ 1/2-1/2